000 00920nam a2200265Ia 4500
999 _c53773
_d53773
001 20823
003 GE_BSU
005 20210422174555.0
008 181216s ||||ru |||||||||||||| ||rus||
020 _a9785001010258(т,3) 9785001010227
040 _cGE_BSU
041 _arus
080 _a547(075.8) Т-65
100 _aТравень, В.Ф.
_911485
245 _aОрганическая химия : в 3 т. т.3 :
_bУчебное пособие для вузов /
_cВ.Ф. Травень.
264 _aМосква :
_bЛаборатория знаний,
_c2017.
300 _a388 стр. :
_bил. ;
_c23 см.
440 _aУчебник для высшей школы
_911486
500 _aбиблиогр:стр 360-388
541 _h41л.
653 _aОрганическая химия
653 _aორგანული ქიმია
653 _aქიმია
942 _cBK
_2udc